000
00280nam a22001337a 4500
008
210303b ||||| |||| 00| 0 eng d
020
_a
0321704959
041
_a
eng
080
_2
6th
_a
541
100
_a
12
101
_a
KIM
245
_a
Chemistry
_c
McMurry,F
942
_2
udc
_c
BK
999
_c
55692
_d
55692